000 01890nam a22004457a 4500
003 CHAP
005 20260127131626.0
008 090618s2009 mx r 00010 spa d
010 _a96399
011 _a97371
035 _a108037
040 _cCHAP
090 _aTesis
100 1 _aMartínez Barajas, Maria blanca.
_971838
245 1 0 _aEstudio de factibilidad técnica financiera para el establecimiento de una planta procesadora de leche de cabra en la comunidad de Maravatio del Encinal, Salvatierra, Guanajuato
_c/por Maria Blanca Martínez Barajas y Anahi Serrano Barrios
260 _aChapingo, Méx. :
_bEl autor,
_c2009
300 _a142 h.
_bcuadros, gráfs. , mapas
502 _aTesis (Lic. en Administración de Empresas Agropecuarias) -- UACH. División de Ciencias Económico- Administrativas
530 _aTambién disponible en línea
590 _aALEPH
_b10
_c20130110
_lUCH01
_h1529
590 _aBATCH-UPD
_b10
_c20130110
_lUCH01
_h0339
590 _aBATCH-UPD
_b10
_c20130110
_lUCH01
_h1709
590 _aBATCH-UPD
_b10
_c20130410
_lUCH01
_h0013
590 _aBATCH-UPD
_b10
_c20130914
_lUCH01
_h1329
590 _aBATCH-UPD
_b10
_c20140324
_lUCH01
_h1512
590 _aBATCH-UPD
_b10
_c20141002
_lUCH01
_h0839
590 _aCONVERSION
_b10
_c20130109
_lUCH01
_h1353
650 1 4 _aEstudios de factibilidad.
_938520
650 1 4 _aIndustria lechera
_xGuanajuato.
_957838
650 1 4 _aLeche de cabra
_xMercadeo.
_965426
650 1 4 _aLeche de cabra
_xProducción.
_965427
650 1 4 _aLeche
_xPrecios.
_965398
650 1 7 _aPlantas lecheras
_2
_989014
700 1 _aSerrano Barrios, Anahi
_9105203
856 _3Finding aid
_uhttp://10.13.5.2/tesis/108037.pdf
_zTeclea aqui
901 _aBK
942 _cFOLL
949 _aTesis
_bBC
_cTES
_d33724002099446
_eTS1
_gDonaciØn
_h49308
_i108037
_sb
949 _aTesis
_bBC
_cTES
_d33724002099488
_eTS2
_fc.2
_gDonaciØn
_h49309
_i108037
_sb
999 _c96399
_d96399